000
00246 a2200085 4500
020
_a
978-0945921172
100
_a
Indu Banga
245
_a
The City in Indian History: Urban Demography, Society, and Politics
260
_b
Manohar Publications, 1991
_c
1991
999
_c
13203
_d
13203